Statistics for United States National Parks Quiz

Click here to take the quiz!

General Stats

  • This quiz has been taken 111 times
    (63 since last reset)
  • The average score is 50 of 63

Answer Stats

HintAnswer% Correct
WY, MT, IDYellowstone
100%
FLEverglades
94%
AZGrand Canyon
94%
CAYosemite
94%
SDBadlands
92%
WYGrand Teton
92%
MEAcadia
89%
TXBig Bend
89%
CA, NVDeath Valley
89%
MTGlacier
86%
TN, NCGreat Smoky Mountains
86%
KYMammoth Cave
86%
CARedwood
86%
UTZion
86%
UTArches
83%
COBlack Canyon of the Gunnison
83%
NMCarlsbad Caverns
83%
AKDenali
83%
MIIsle Royale
83%
CAKings Canyon
83%
COMesa Verde
83%
WAOlympic
83%
CASequoia
83%
UTBryce Canyon
81%
UTCanyonlands
81%
CAChannel Islands
81%
ORCrater Lake
81%
MOGateway Arch
81%
CAJoshua Tree
81%
WAMount Rainier
81%
AZPetrified Forest
81%
CORocky Mountain
81%
VAShenandoah
81%
FLDry Tortugas
78%
HIHawai'i Volcanoes
78%
ARHot Springs
78%
INIndiana Dunes
78%
WANorth Cascades
78%
CAPinnacles
78%
U.S. TerritoryU.S. Virgin Islands
78%
MNVoyageurs
78%
NMWhite Sands
78%
FLBiscayne
75%
SCCongaree
75%
AKGates of the Arctic
75%
NVGreat Basin
75%
COGreat Sand Dunes
75%
NDTheodore Roosevelt
75%
UTCapitol Reef
72%
AKGlacier Bay
72%
AKKenai Fjords
72%
AZSaguaro
72%
OHCuyahoga Valley
69%
TXGuadalupe Mountains
69%
AKKatmai
69%
WVNew River Gorge
69%
AKWrangell-St. Elias
69%
U.S. TerritoryAmerican Samoa
67%
AKKobuk Valley
67%
AKLake Clark
67%
CALassen Volcanic
67%
SDWind Cave
67%
HIHaleakalā
64%

Score Distribution

Percentile by Number Answered

Percent of People with Each Score

Your Score History

You have not taken this quiz since the last reset